Palynology of three Santonian-Campanian sections in Northern Bulgaria

Bibliographic Details
Main Author: Pavlišina, Polina (Author)
Format: Article
Language:Slovak
English
PhysicalDescription:Fotogr., obr.
ISSN:1335-0552
Subjects:

MARC

LEADER 00000nab a2200000 a 4500
001 vtls000694528
003 SK-MaSNL
005 20260304084732.0
008 250425c1999 xo 0 slo
015 |a SNBRB1999/05-14148 
035 |a CLN000046695 
035 |a urn:nbn:sk:snk-ab78zc 
035 |a (uuid)39f3468a-bc10-43f9-a6a4-086494059d06 
035 |a (urnnbn)urn:nbn:sk:snk:ar-a077ui 
035 |a (sysno)vtls000694528 
040 |a SNKBUCL  |b slo  |c SNKBUCL  |e AACR2 
041 0 |a eng 
044 |a xo  |c SK 
080 |a 563.1(497.2)"6153"  |2 1997 
080 |a 551.763.3  |2 1997 
100 1 |a Pavlišina, Polina  |4 aut  |9 1377404 
245 1 0 |a Palynology of three Santonian-Campanian sections in Northern Bulgaria  |c Polina Pavlishina 
300 |b Fotogr., obr. 
504 |a Res. angl. 
504 |a Bibliogr. odkazy 
650 0 7 |a dinocysty  |y krieda vrchná  |z Bulharsko severné  |x palinológia  |2 snkbucl  |9 1377408 
651 7 |a Bulharsko  |2 snkbucl  |9 20172 
655 7 |a články z novín a časopisov  |2 snkbucl  |9 267496 
773 0 |t Geologica carpathica  |g Roč. 50, č. 2 (1999), s. 199-202  |x 1335-0552 
850 |a Slovenská národná knižnica 
852 |a Slovenská národná knižnica 
958 |a article27 
958 |a BG 
958 |a NB 
958 |a OND 
958 |a EUIPO 
999 |c 2804939  |d 2806869